Quiz NBA nie dla łebków. - Statystyki

Ogólne statystyki
  • Ten quiz został rozwiązany 318 razy
  • Średni wynik to 9 z 15
Statystyki odpowiedzi
Zagadnienie Odpowiedź % Poprawnych
W którym roku do NBA został wydraftowany LeBron James? 2003
82%
Który z tych zawodników zdobył najwięcej punktów w jednym meczu? Devin Booker
82%
Hala NY KNICKS nosi nazwę? Madison Square Garden
80%
Kobe Bryant rzucił 81 punktów na? Toronto Raptors
78%
Trener Dallas Mavericks to? Jason Kidd
77%
Jusuf Nurkić jest narodowości? Bośnia i Hercegowina
72%
Ivica Zubac jest narodowości? Chorwacja
71%
Poprzednim komisarzem NBA był? David Stern
60%
Kto ma najwięcej nagród MVP? Kareem Abdul-Jabbar
60%
W dywizji SouthWest (Południowo-zachodnia) nie gra? Denver Nuggets
59%
Kevin Durant został wybrany w pierwszej rundzie 2007 draftu jako numer? #2
55%
Pierwotna siedziba Houston Rockets była w mieście? San Diego
49%
Pełne imię i nazwisko Ja Moranta to? Temetrius Jamel Morant
48%
Jaką nazwą NIGDY nie posługiwali się aktualni Brooklyn Nets? New York Jets
39%
Clint Capela jest narodowości? Szwajcaria
38%
Nie znaleziono quizów pasujących do podanych kryteriów
Rozkład punktacji
Procent ludzi z każdym wynikiem
Percentyl według liczby udzielonych odpowiedzi
Twoja historia wyników
Nie rozwiązałeś tego quizu